Peace and reconciliation: an imaginative to the european programme for northern ireland and the border counties of ireland
שמור ב:
| מחבר תאגידי: | |
|---|---|
| פורמט: | ספר |
| שפה: | אנגלית |
| יצא לאור: |
Luxemburgo
European Commission
1998
|
| נושאים: | |
| תגים: |
הוספת תג
אין תגיות, היה/י הראשונ/ה לתייג את הרשומה!
|
MARC
| LEADER | 00000nam a2200000 a 4500 | ||
|---|---|---|---|
| 001 | UCO9904 | ||
| 003 | CL-VaPUC | ||
| 008 | 010309e19980000lu |||||||||||||||||eng|d | ||
| 082 | 0 | 4 | |a 341.73 |b EUR |2 21 |
| 110 | 2 | |a European Commission |e author |9 455102 | |
| 245 | 1 | 0 | |a Peace and reconciliation: an imaginative to the european programme for northern ireland and the border counties of ireland |
| 300 | |a 27 p | ||
| 942 | |c BK | ||
| 945 | |d 20010309 00:00:00 |a vberengu | ||
| 260 | |a Luxemburgo |b European Commission |c 1998 | ||
| 650 | 0 | |a Reconciliación |9 333649 | |
| 650 | 7 | |a PAZ INTERNACIONAL |2 CL-VaPUC |9 432684 | |
| 583 | |a last modification |c 20171010 04:38:44 |k Rodrigo Vera | ||
| 999 | |c 293920 |d 293918 | ||
| 952 | |0 0 |1 0 |2 ddc |4 0 |6 341_730000000000000_EUR_1998 |7 0 |8 A |9 345701 |a BIBDER |b BIBDER |d 2019-11-20 |i 3507637 |o 341.73 EUR 1998 |p 3507637 |r 2023-01-25 |w 2019-11-20 |y MX |k DER | ||